| 000 | 00928nas a2200301 4500 | ||
|---|---|---|---|
| 001 | BR0200532 | ||
| 003 | BR-BrBNA | ||
| 005 | 20231205102703.0 | ||
| 007 | ta | ||
| 008 | 230509b bl.|||p| |||| 00| 00por d | ||
| 040 |
_aBR-BrBNA _bpor _cBiblioteca Nacional de Agricultura |
||
| 041 | _a(Pt) | ||
| 072 | _aH20 | ||
| 100 | 1 | _aMaciel, J.L.N. | |
| 100 | 1 | _aDuarte, V. | |
| 100 | 1 | _aSilveira, J.R.P. | |
| 100 | 1 | _aVan Der Sand, S.T. | |
| 245 | 1 | _aFreqüência de biovares de Ralstonia solanacearum em diferentes cultivares e épocas de cultivo de batata no Rio Grande do Sul | |
| 650 | _aBATATA | ||
| 650 | _aMURCHA BACTERIANA | ||
| 650 | _aESTIRPE | ||
| 650 | _aELISA | ||
| 650 | _aÉPOCA DE PLANTIO | ||
| 650 | _aRIO GRANDE DO SUL | ||
| 773 | 0 |
_tFitopatologia Brasileira (Brazil) _xISSN 0100-4158 _g(Dec 2001), v. 26(4) p. 741-744 _wBR0200532 |
|
| 909 |
_a202311 _bLúcia _c55 _dLúcia Elande |
||
| 942 |
_2AGRIS _n0 _cANA |
||
| 999 |
_c168821 _d168821 |
||